000 01362nam a2200349 a 4500
001 ebr10001887
003 CaPaEBR
006 m u
007 cr cn|||||||||
008 010313s2001 enk sb 001 0 eng
010 _z 2001025734
020 _z0521464781 (hardback)
020 _z0521468442 (pbk.)
040 _aCaPaEBR
_cCaPaEBR
035 _a(OCoLC)56035237
050 1 4 _aPA4167
_b.J67 2001eb
082 0 4 _a883/.01
_221
100 1 _aJong, Irene J. F. de.
245 1 2 _aA narratological commentary on the Odyssey
_h[electronic resource] /
_cIrene J. F. De Jong.
260 _aCambridge, UK ;
_aNew York :
_bCambridge University Press,
_c2001.
300 _axix, 627 p.
504 _aIncludes bibliographical references (p. 599-621) and indexes.
533 _aElectronic reproduction.
_bPalo Alto, Calif. :
_cebrary,
_d2013.
_nAvailable via World Wide Web.
_nAccess may be limited to ebrary affiliated libraries.
600 0 0 _aHomer.
_tOdyssey.
650 0 _aEpic poetry, Greek
_xHistory and criticism.
650 0 _aOdysseus (Greek mythology) in literature.
650 0 _aNarration (Rhetoric)
650 0 _aRhetoric, Ancient.
655 7 _aElectronic books.
_2local
710 2 _aebrary, Inc.
856 4 0 _uhttp://site.ebrary.com/lib/rucke/Doc?id=10001887
_zAn electronic book accessible through the World Wide Web; click to view
999 _c4813
_d4813